| 000 | 00749nam a22002292 4500 | ||
|---|---|---|---|
| 001 | 0000021571 | ||
| 005 | 20151217152236.0 | ||
| 008 | 120720s xx 000 0 eng d | ||
| 020 | _a0851510279 : | ||
| 040 |
_aKABU _cKABU |
||
| 100 | 1 |
_aChantry, Walter J. _@0000182504 |
|
| 245 | 1 | 0 |
_aToday's gospel : _bauthentic or synthetic? / _cWalter J. Chantry. |
| 250 | _a1st ed. | ||
| 260 |
_aCarlisle, PA : _bBanner of Truth Trust, _c1970. |
||
| 300 | _avii, 85 p. | ||
| 650 | 0 |
_aPreaching. _@0000148272 |
|
| 650 | 0 |
_aChristianity _xEssence, genius, nature. _@0000182505 |
|
| 852 | 1 | _9p150 KES | |
| 852 | 1 | _9p150 KES | |
| 908 | _a120720 | ||
| 950 | _@1 | ||
| 999 |
_c9731 _d9731 |
||